The Gospel of the kingdom (Record no. 6)
[ view plain ]
| 000 -LEADER | |
|---|---|
| fixed length control field | 00759nam a22002292 4500 |
| 001 - CONTROL NUMBER | |
| control field | 0000000115 |
| 003 - CONTROL NUMBER IDENTIFIER | |
| control field | OSt |
| 005 - DATE AND TIME OF LATEST TRANSACTION | |
| control field | 20201126151110.0 |
| 008 - FIXED-LENGTH DATA ELEMENTS--GENERAL INFORMATION | |
| fixed length control field | 070111s xx 000 0 eng d |
| 020 ## - INTERNATIONAL STANDARD BOOK NUMBER | |
| International Standard Book Number | 1614270560 |
| Terms of availability | GBP 7.99 |
| 040 ## - CATALOGING SOURCE | |
| Original cataloging agency | KABU |
| Transcribing agency | KABU |
| 050 ## - LIBRARY OF CONGRESS CALL NUMBER | |
| Classification number | BT94 |
| Item number | .L33 1959 c. 1 |
| 100 1# - MAIN ENTRY--PERSONAL NAME | |
| Personal name | Ladd, George Eldon. |
| 245 14 - TITLE STATEMENT | |
| Title | The Gospel of the kingdom |
| Statement of responsibility, etc. | George Eldon Ladd. |
| Remainder of title | scriptural studies in the Kingdom of God |
| 260 ## - PUBLICATION, DISTRIBUTION, ETC. (IMPRINT) | |
| Place of publication, distribution, etc. | Grand Rapids, Michigan : |
| Name of publisher, distributor, etc. | Wm B. Eerdmans, |
| Date of publication, distribution, etc. | 1959. |
| 300 ## - PHYSICAL DESCRIPTION | |
| Extent | 143 p. |
| 650 #0 - SUBJECT ADDED ENTRY--TOPICAL TERM | |
| Topical term or geographic name as entry element | Kingdom of God. |
| 908 ## - PUT COMMAND PARAMETER (RLIN) | |
| Put command parameter | 070111 |
| 942 ## - ADDED ENTRY ELEMENTS (KOHA) | |
| Source of classification or shelving scheme | Library of Congress Classification |
| Koha item type | General Collection |
| Classification part | BT94 |
| Item part | .L33 1959 c. 1 |
| Withdrawn status | Lost status | Source of classification or shelving scheme | Not for loan | Home library | Current library | Date acquired | Total Checkouts | Full call number | Barcode | Date last seen | Price effective from | Koha item type | Date last checked out | Public note | Cost, normal purchase price | Copy number |
|---|---|---|---|---|---|---|---|---|---|---|---|---|---|---|---|---|
| Library of Congress Classification | Kabarak, Main Campus | Kabarak, Main Campus | 17/12/2015 | BT94 .L33 | 000359 | 02/08/2024 | 17/12/2015 | Reserve Collection | Reserved on 19-5-17 by Gerald | |||||||
| Library of Congress Classification | Kabarak, Main Campus | Kabarak, Main Campus | 17/12/2015 | 1 | BT94 .L33 1959 c.2 | 030134 | 02/08/2024 | 17/12/2015 | General Collection | 11/05/2021 | 2171.00 | |||||
| Library of Congress Classification | Kabarak, Main Campus | Kabarak, Main Campus | 22/06/2019 | BT94 .L33 1959 c. 3 | 030135 | 02/08/2024 | 22/06/2019 | General Collection | 2171.00 | c. 3 | ||||||
| Library of Congress Classification | Kabarak, Main Campus | Kabarak, Main Campus | 22/06/2019 | BT94 .L33 1959 c. 4 | 030136 | 02/08/2024 | 22/06/2019 | General Collection | 2171.00 | c. 4 | ||||||
| Library of Congress Classification | Kabarak, Nakuru City Campus | Kabarak, Nakuru City Campus | 21/10/2015 | BT94 .L33 | 005370 | 21/10/2015 | 21/10/2015 | General Collection | ||||||||
| Library of Congress Classification | Kabarak, Nakuru City Campus | Kabarak, Nakuru City Campus | 21/10/2015 | 2 | BT94 .L33 | 005371 | 02/08/2023 | 21/10/2015 | General Collection | 29/06/2023 | ||||||
| Library of Congress Classification | Kabarak, Nakuru City Campus | Kabarak, Nakuru City Campus | 22/06/2019 | BT94 .L33 1959 c. 3 | 023440 | 02/08/2024 | 22/06/2019 | General Collection | 2224.96 | c. 3 | ||||||
| Library of Congress Classification | Kabarak, Nakuru City Campus | Kabarak, Nakuru City Campus | 22/06/2019 | BT94 .L33 1959 c. 1 | 023441 | 02/08/2024 | 22/06/2019 | General Collection | 2224.96 | c. 1 | ||||||
| Library of Congress Classification | Kabarak, Nakuru City Campus | Kabarak, Nakuru City Campus | 22/06/2019 | BT94 .L33 1959 c. 2 | 023442 | 02/08/2024 | 22/06/2019 | General Collection | 2224.96 | c. 2 |